| 000 | 00380nam a2200133 a 4500 | ||
|---|---|---|---|
| 001 | 4178 | ||
| 003 | CDMR | ||
| 005 | 20130116135253.0 | ||
| 008 | 130130s2004||||||||||||||||||||||||||||d | ||
| 040 |
_aCDMR _bcat _cCPC GIRONA |
||
| 245 | 0 |
_aCatalà per a periodistes de les Terres de l'Ebre _cVaris |
|
| 260 |
_c2004 _bAssociació d'Universitat d'Estiu de les Terres de l'Ebre |
||
| 942 | _cMON | ||
| 999 |
_c4178 _d4178 |
||